[Event "4NCL Online Division 3"]
[Site "online"]
[Date "2021.02.09"]
[EventDate "2021.02.09"]
[Round "2.33"]
[White "Buckley, Keith"]
[WhiteElo "1616"]
[WhiteTeam "Dorking Casuals"]
[Black "Emery, Ian"]
[BlackElo "1825"]
[BlackTeam "Warley Mighty Quins"]
[Result "0-1"]
[PlyCount "80"]

1. e4 Nf6 2. Nc3 d5 3. exd5 Nxd5 4. Nxd5 Qxd5 5. Nf3 Bg4 6. Be2 e5 7. O-O e4 8. Ne1 Bf5 9. Bg4 Be7 10. Bxf5 Qxf5 11. d3 O-O 12. dxe4 Qxe4 13. Nd3 Nc6 14. Re1 Qh4 15. g3 Qd4 16. Be3 Qf6 17. c3 Rad8 18. Qe2 Rd7 19. Nc5 Rd5 20. Nb3 h6 21. Rad1 Rfd8 22. Rxd5 Rxd5 23. Qc4 Rd8 24. Qb5 Ne5 25. Bd4 Nf3+ 26. Kf1 Nxd4 27. Nxd4 c5 28. Nb3 b6 29. Qe2 Bf8 30. Kg2 Qc6+ 31. Kg1 Qd5 32. h4 a5 33. Qa6 Qd6 34. Re2 Qd1+ 35. Kh2 Qf1 36. g4 Rd1 37. Kg3 Bd6+ 38. Kf3 Qh3+ 39. Ke4 Qxg4+ 40. f4 Qxf4# 0-1

[Event "4NCL Online Division 3"]
[Site "online"]
[Date "2021.02.09"]
[EventDate "2021.02.09"]
[Round "2.34"]
[White "Moxley, Stephen"]
[WhiteElo "1719"]
[WhiteTeam "Warley Mighty Quins"]
[Black "Davies, Will"]
[BlackElo "1518"]
[BlackTeam "Dorking Casuals"]
[Result "0-1"]
[PlyCount "58"]

1. e4 c5 2. c3 d5 3. e5 Nc6 4. d4 cxd4 5. cxd4 Bf5 6. Nc3 e6 7. h4 h6 8. g4 Bh7 9. Bd3 Bxd3 10. Qxd3 Bb4 11. f4 Nge7 12. h5 Qb6 13. Nf3 O-O-O 14. O-O Kb8 15. a3 Bxc3 16. bxc3 Na5 17. Rb1 Qc6 18. Qb5 Nc4 19. Qxc6 Nxc6 20. Kf2 a6 21. a4 f6 22. Nd2 Nxd2 23. Bxd2 fxe5 24. fxe5 Rhf8+ 25. Ke2 Na5 26. Rxf8 Rxf8 27. Rf1 Rxf1 28. Kxf1 Nc4 29. Be3 Nxe3+ 0-1

[Event "4NCL Online Division 3"]
[Site "online"]
[Date "2021.02.09"]
[EventDate "2021.02.09"]
[Round "2.41"]
[White "Moore, Eoin"]
[WhiteElo "1749"]
[WhiteTeam "Kent KJCA Kestrels D"]
[Black "Fisher, Neal"]
[BlackElo "1902"]
[BlackTeam "Chessmates"]
[Result "1-0"]
[PlyCount "143"]

1. d4 Nf6 2. c4 g6 3. Nc3 Bg7 4. e4 O-O 5. Nge2 d6 6. Ng3 c6 7. Be2 Nbd7 8. O-O Qc7 9. Be3 e5 10. d5 Re8 11. b4 a5 12. a3 axb4 13. axb4 Rxa1 14. Qxa1 cxd5 15. Nb5 Qd8 16. Nxd6 Rf8 17. cxd5 Ne8 18. Nxc8 Qxc8 19. Rc1 Qd8 20. Qa7 Nd6 21. Bc5 Qc7 22. Bxd6 Qxd6 23. Qxb7 Rb8 24. Rc8+ Rxc8 25. Qxc8+ Bf8 26. b5 Nb6 27. Qc6 Kg7 28. Nf1 Qb8 29. Ne3 h5 30. Nc4 Nxc4 31. Bxc4 Bd6 32. b6 Kf6 33. Bb5 Kg7 34. f3 Kf6 35. g3 Ke7 36. Kf2 Kf6 37. Ke3 g5 38. Kd3 Ke7 39. Qd7+ Kf6 40. b7 Qc7 41. Qxc7 Bxc7 42. Kc4 Ke7 43. Kc5 f6 44. Kc6 Bb8 45. h4 Bd6 46. Kb6 Bb8 47. Bc6 Kd8 48. d6 Bxd6 49. Ka7 Ke7 50. b8=Q Bxb8+ 51. Kxb8 gxh4 52. gxh4 Kf7 53. Bd7 Kg6 54. Bf5+ Kf7 55. Kc7 Ke7 56. Kc6 Kf7 57. Kd7 Kf8 58. Ke6 Kg7 59. Ke7 Kh6 60. Bh3 Kg7 61. Ke6 Kg6 62. Bf1 Kg7 63. Bb5 Kg6 64. Be8+ Kg7 65. Bxh5 Kh6 66. Kxf6 Kxh5 67. Kxe5 Kxh4 68. Kf5 Kh5 69. e5 Kh6 70. Kf6 Kh7 71. Kf7 Kh8 72. e6 1-0

[Event "4NCL Online Division 3"]
[Site "online"]
[Date "2021.02.09"]
[EventDate "2021.02.09"]
[Round "2.42"]
[White "Tomlinson, Zak"]
[WhiteElo "1803"]
[WhiteTeam "Chessmates"]
[Black "Dorman, Orla"]
[BlackElo "1748"]
[BlackTeam "Kent KJCA Kestrels D"]
[Result "0-1"]
[PlyCount "48"]

1. e4 e6 2. d4 d5 3. Nd2 Nf6 4. e5 Nfd7 5. Bd3 c5 6. c3 Nc6 7. Ne2 cxd4 8. cxd4 f6 9. f4 Be7 10. O-O O-O 11. a3 Qb6 12. Nf3 fxe5 13. fxe5 Ncxe5 14. Nxe5 Nxe5 15. b4 Rxf1+ 16. Kxf1 Nxd3 17. Qxd3 Bd7 18. Be3 Bb5 19. Qd2 Bf6 20. Kg1 Bxe2 21. Qxe2 Bxd4 22. Re1 Bxe3+ 23. Qxe3 Qxe3+ 24. Rxe3 Kf7 0-1

[Event "4NCL Online Division 3"]
[Site "online"]
[Date "2021.02.09"]
[EventDate "2021.02.09"]
[Round "2.43"]
[White "Ratnesan, Radha"]
[WhiteElo "1729"]
[WhiteTeam "Kent KJCA Kestrels D"]
[Black "Webster, Vivien"]
[BlackElo "1675"]
[BlackTeam "Chessmates"]
[Result "1-0"]
[PlyCount "67"]

1. d4 d5 2. Nf3 Nf6 3. Bg5 h6 4. Bh4 Bf5 5. e3 c6 6. c4 Bxb1 7. Rxb1 Qa5+ 8. Nd2 Ne4 9. cxd5 cxd5 10. a3 e6 11. Bd3 Bd6 12. Bxe4 dxe4 13. O-O Qd5 14. Qc2 O-O 15. Qxe4 Qb5 16. Rfc1 Nc6 17. Nc4 Bc7 18. Bg3 Bxg3 19. hxg3 Rad8 20. Qf4 Qd5 21. Qf3 Qd7 22. Qf4 f6 23. Qe4 Ne7 24. Na5 Nd5 25. Rc2 b6 26. Nc6 Rc8 27. Rbc1 a5 28. Qd3 Ra8 29. e4 Ne7 30. Nxe7+ Qxe7 31. Rc6 Rab8 32. Qb3 Rfe8 33. Rxb6 Kh8 34. Rxb8 1-0

[Event "4NCL Online Division 3"]
[Site "online"]
[Date "2021.02.09"]
[EventDate "2021.02.09"]
[Round "2.44"]
[White "Duffell, Andrew"]
[WhiteElo "1613"]
[WhiteTeam "Chessmates"]
[Black "Chaban, Roxolana"]
[BlackElo "1686"]
[BlackTeam "Kent KJCA Kestrels D"]
[Result "1/2-1/2"]
[PlyCount "108"]

1. d4 Nf6 2. c4 g6 3. Nc3 d5 4. Bf4 Bg7 5. Rc1 O-O 6. e3 c5 7. dxc5 dxc4 8. Bxc4 Bf5 9. Nf3 Nc6 10. O-O Rc8 11. Nh4 e6 12. Nxf5 exf5 13. Nb5 Nh5 14. Qxd8 Rfxd8 15. Bc7 Rd2 16. Bd6 a6 17. Nc7 Ne5 18. Nd5 Kh8 19. Nb6 Rd8 20. Bb3 Rxb2 21. Rfd1 f4 22. e4 f3 23. Nc4 Nxc4 24. Bxc4 fxg2 25. Bxf7 Re2 26. Re1 Rxe1+ 27. Rxe1 Nf6 28. e5 Ne8 29. e6 Bf6 30. e7 Ra8 31. Bd5 Ra7 32. c6 bxc6 33. Bxc6 Nxd6 34. e8=Q+ Nxe8 35. Rxe8+ Kg7 36. a4 Rc7 37. Bf3 Rc4 38. Re4 Rxe4 39. Bxe4 a5 40. Kxg2 h6 41. Kf3 h5 42. h3 g5 43. Ke3 Kf7 44. f3 Ke6 45. Kd3 Ke5 46. Bc6 Kf4 47. Ke2 Kg3 48. Bd7 Bc3 49. Ke3 Bb4 50. Ke4 Bd2 51. Be6 Bf4 52. Bd7 Bd2 53. Be6 Bb4 54. Bd7 Bd2 1/2-1/2

[Event "4NCL Online Division 3"]
[Site "online"]
[Date "2021.02.09"]
[EventDate "2021.02.09"]
[Round "2.51"]
[White "Pickup, Ian R"]
[WhiteElo "1790"]
[WhiteTeam "Downend 2"]
[Black "Tarling, Ray"]
[BlackElo "1944"]
[BlackTeam "Guildford Gatekeepers"]
[Result "0-1"]
[PlyCount "44"]

1. e4 g6 2. d4 Bg7 3. Nc3 d6 4. f4 Nf6 5. Nf3 c5 6. dxc5 Qa5 7. Bb5+ Bd7 8. Bxd7+ Nbxd7 9. Bd2 Qxc5 10. Qe2 O-O 11. Be3 Qb4 12. O-O Nxe4 13. Nxe4 Qxe4 14. Ng5 Qc6 15. g4 h6 16. Nf3 Nc5 17. Nd4 Qe4 18. c3 a6 19. f5 g5 20. b4 Nd3 21. Rad1 Nf4 22. Bxf4 Bxd4+ 0-1

[Event "4NCL Online Division 3"]
[Site "online"]
[Date "2021.02.09"]
[EventDate "2021.02.09"]
[Round "2.52"]
[White "Merriman, Rob"]
[WhiteElo "1761"]
[WhiteTeam "Guildford Gatekeepers"]
[Black "Benkhoucha, Samy"]
[BlackElo "1574"]
[BlackTeam "Downend 2"]
[Result "0-1"]
[PlyCount "106"]

1. e4 e5 2. Nf3 Nc6 3. Bb5 Nf6 4. O-O Bc5 5. Nxe5 Nxe5 6. d4 c6 7. dxe5 Nxe4 8. Bd3 d5 9. exd6 Nf6 10. Re1+ Be6 11. Bf5 O-O 12. Bxe6 fxe6 13. Be3 Bxd6 14. Nc3 Qc7 15. h3 Rad8 16. Qe2 Nd5 17. Bd2 Nxc3 18. Qxe6+ Kh8 19. Bxc3 Bh2+ 20. Kh1 Rxf2 21. Qe8+ Rf8 22. Qe7 Rf1+ 23. Rxf1 Qxe7 24. Kxh2 Rf8 25. Rfe1 Qf7 26. Re2 Re8 27. Rd2 h6 28. Rad1 c5 29. Rd7 Re7 30. Rd8+ Kh7 31. a3 Qf4+ 32. Kh1 Qf5 33. R8d3 b5 34. Rd5 Qxc2 35. Rd7 Rxd7 36. Rxd7 Qc1+ 37. Kh2 Qg5 38. Rxg7+ Qxg7 39. Bxg7 Kxg7 40. Kg3 Kf6 41. Kf4 a5 42. Ke4 Ke6 43. g4 b4 44. h4 c4 45. Kd4 c3 46. Kd3 cxb2 47. Kc2 bxa3 48. Kb1 Kd5 49. Ka2 Kc4 50. g5 hxg5 51. h5 Kc3 52. Kb1 Kb3 53. h6 a2# 0-1

[Event "4NCL Online Division 3"]
[Site "online"]
[Date "2021.02.09"]
[EventDate "2021.02.09"]
[Round "2.53"]
[White "Walsh, Shaun"]
[WhiteElo "1366"]
[WhiteTeam "Downend 2"]
[Black "Tarling, Adam"]
[BlackElo "1670"]
[BlackTeam "Guildford Gatekeepers"]
[Result "0-1"]
[PlyCount "72"]

1. e4 e5 2. Nf3 Nc6 3. Bb5 a6 4. Ba4 d6 5. Bxc6+ bxc6 6. d4 exd4 7. Qxd4 Bg4 8. Nbd2 Bxf3 9. Nxf3 Nf6 10. Bg5 Be7 11. e5 dxe5 12. Qxd8+ Rxd8 13. Nxe5 Rd5 14. Bf4 Nh5 15. Nd3 Rxd3 16. cxd3 Nxf4 17. O-O Nxd3 18. b3 O-O 19. Rad1 Nb4 20. a3 Nd5 21. Rc1 Bxa3 22. Rxc6 Bd6 23. Rxa6 Nb4 24. Ra4 h6 25. Rd1 Re8 26. g3 Re4 27. Kg2 f5 28. Kf1 Kf7 29. f3 Re3 30. Kf2 Rxb3 31. Raa1 Rb2+ 32. Kg1 Bc5+ 33. Kh1 Bb6 34. Rd7+ Kf6 35. Rad1 Nc6 36. Rc1 Ne5 0-1

[Event "4NCL Online Division 3"]
[Site "online"]
[Date "2021.02.09"]
[EventDate "2021.02.09"]
[Round "2.54"]
[White "Kammin, Samuel"]
[WhiteElo "1742"]
[WhiteTeam "Guildford Gatekeepers"]
[Black "Bleeg, Elliott"]
[BlackElo "1309"]
[BlackTeam "Downend 2"]
[Result "1-0"]
[PlyCount "67"]

1. d4 d5 2. Nf3 Nf6 3. c4 e6 4. g3 dxc4 5. Bg2 a6 6. O-O Nc6 7. Bg5 Be7 8. e3 Bd7 9. Nbd2 b5 10. Ne5 h6 11. Bxf6 Bxf6 12. Nxc6 Bxc6 13. Bxc6+ Kf8 14. Bxa8 Qxa8 15. Qf3 Qd8 16. Qc6 Qc8 17. Ne4 Be7 18. a4 bxa4 19. Rxa4 f5 20. Nc5 Bxc5 21. dxc5 Qe8 22. Rxa6 Qxc6 23. Rxc6 Kf7 24. Rxc7+ Kf6 25. Rc1 Rb8 26. Rxc4 Rxb2 27. Rd7 e5 28. c6 g6 29. c7 Kg5 30. c8=Q e4 31. Qd8+ Kg4 32. Rd2 Rb3 33. Qh4+ Kf3 34. Qf4# 1-0

[Event "4NCL Online Division 3"]
[Site "online"]
[Date "2021.02.09"]
[EventDate "2021.02.09"]
[Round "2.61"]
[White "Pugh, Glyn D"]
[WhiteElo "1923"]
[WhiteTeam "Shropshire 3"]
[Black "Dunlop, Anthony"]
[BlackElo "1767"]
[BlackTeam "East Kilbride Strollers"]
[Result "1/2-1/2"]
[PlyCount "161"]

1. e4 c5 2. Nc3 a6 3. g3 b5 4. Bg2 Bb7 5. d3 e6 6. a4 b4 7. Nce2 a5 8. Nf3 Qc7 9. Bf4 Bd6 10. e5 Be7 11. O-O h6 12. d4 Na6 13. c4 cxd4 14. Nexd4 Rc8 15. Rc1 Bc6 16. Nxc6 Qxc6 17. Nd4 Qb6 18. Nb5 Bc5 19. Qd2 Ne7 20. Nd6+ Bxd6 21. exd6 Ng6 22. Be3 Nc5 23. Rfe1 O-O 24. Rcd1 Qa6 25. Bxc5 Rxc5 26. b3 Rfc8 27. Re3 h5 28. h4 Qb6 29. Qd4 Rb8 30. Be4 f5 31. Bf3 f4 32. gxf4 Nxh4 33. Be4 Nf5 34. Bxf5 Rxf5 35. Re5 Qxd4 36. Rxd4 Rbf8 37. Kg2 g5 38. Rxf5 Rxf5 39. fxg5 Rxg5+ 40. Kf3 Kg7 41. Rf4 e5 42. Rh4 Kf6 43. Ke4 Ke6 44. c5 Rf5 45. f3 Rg5 46. Rh1 Rf5 47. Rd1 Rf4+ 48. Ke3 h4 49. c6 Rf8 50. c7 h3 51. Kf2 e4 52. f4 Rxf4+ 53. Ke3 Rf3+ 54. Kxe4 Rc3 55. Kf4 h2 56. Rh1 Kxd6 57. Rxh2 Kxc7 58. Rh5 Kb6 59. Rb5+ Ka6 60. Ke5 Rxb3 61. Kd6 Rd3+ 62. Kc7 Rc3+ 63. Kxd7 Rc4 64. Kd6 b3 65. Rxb3 Rxa4 66. Kc5 Ra1 67. Rb6+ Ka7 68. Rb2 Ka6 69. Rb6+ Ka7 70. Rb2 Rc1+ 71. Kb5 Ra1 72. Rc2 Kb7 73. Rc4 Ka7 74. Rc7+ Kb8 75. Rc4 Kb7 76. Rh4 Kc7 77. Ra4 Rb1+ 78. Kxa5 Kc6 79. Rc4+ Kd5 80. Rc2 Kd4 81. Rc8 1/2-1/2

[Event "4NCL Online Division 3"]
[Site "online"]
[Date "2021.02.09"]
[EventDate "2021.02.09"]
[Round "2.62"]
[White "Madhavan, Sanjith"]
[WhiteElo "1684"]
[WhiteTeam "East Kilbride Strollers"]
[Black "Best, Francis P"]
[BlackElo "1900"]
[BlackTeam "Shropshire 3"]
[Result "1/2-1/2"]
[PlyCount "127"]

1. e4 c5 2. Nf3 e6 3. g3 Nc6 4. Bg2 Qc7 5. O-O Nf6 6. Qe2 d6 7. c3 Be7 8. d4 cxd4 9. Nxd4 O-O 10. Be3 Bd7 11. Rd1 a6 12. Na3 b5 13. Nac2 Rac8 14. Nxc6 Bxc6 15. Bg5 h6 16. Bxf6 Bxf6 17. Rd2 Rfd8 18. Nb4 Bb7 19. Rad1 Be7 20. Nc2 Qc4 21. Qxc4 Rxc4 22. Ne3 Rc7 23. Kh1 Rdc8 24. f4 a5 25. h4 Ba6 26. f5 b4 27. cxb4 axb4 28. Bh3 Bb7 29. Kh2 Bxe4 30. fxe6 f6 31. Rd4 d5 32. Nxd5 Bxd5 33. Rxd5 Rc2+ 34. R1d2 Rxd2+ 35. Rxd2 Kf8 36. Bf5 Rc6 37. h5 Rd6 38. Rc2 Ke8 39. Kh3 Kd8 40. Bg4 Ra6 41. Rd2+ Rd6 42. Rxd6+ Bxd6 43. Be2 Ke7 44. Bc4 Bc5 45. Kg4 Bd4 46. a3 Bxb2 47. axb4 Ba3 48. b5 Bc5 49. Kf5 Bd4 50. g4 Bc5 51. Bb3 Ke8 52. Kg6 Kf8 53. Bc4 Bb6 54. e7+ Kxe7 55. Kxg7 Be3 56. b6 Kd7 57. Bb5+ Kc8 58. Bc6 Kb8 59. b7 Bg5 60. Kf7 Be3 61. Kxf6 Bg5+ 62. Kf5 Bc1 63. Kg6 Bg5 64. Kf5 1/2-1/2

[Event "4NCL Online Division 3"]
[Site "online"]
[Date "2021.02.09"]
[EventDate "2021.02.09"]
[Round "2.63"]
[White "Clark, Matthew D H"]
[WhiteElo "1833"]
[WhiteTeam "Shropshire 3"]
[Black "Peakman, Jonlee"]
[BlackElo "1261"]
[BlackTeam "East Kilbride Strollers"]
[Result "1/2-1/2"]
[PlyCount "46"]

1. e4 c5 2. d4 cxd4 3. c3 dxc3 4. Nxc3 Nc6 5. Nf3 e6 6. Bc4 a6 7. O-O b5 8. Bb3 Bb7 9. Qe2 Nge7 10. Bg5 h6 11. Bxe7 Bxe7 12. Rfd1 O-O 13. Rac1 Rc8 14. e5 Qc7 15. Ne4 Qb8 16. Rxd7 Nxe5 17. Rxc8 Rxc8 18. Rd1 Nxf3+ 19. gxf3 Qe5 20. Qd3 Bxe4 21. Qxe4 Qxe4 22. fxe4 Rd8 23. Rxd8+ Bxd8 1/2-1/2

[Event "4NCL Online Division 3"]
[Site "online"]
[Date "2021.02.09"]
[EventDate "2021.02.09"]
[Round "2.64"]
[White "Shrestha, Deepesh"]
[WhiteElo "1242"]
[WhiteTeam "East Kilbride Strollers"]
[Black "Smith, Mark"]
[BlackElo "1751"]
[BlackTeam "Shropshire 3"]
[Result "0-1"]
[PlyCount "56"]

1. d4 Nf6 2. Bf4 g6 3. e3 Bg7 4. h3 d6 5. Nd2 c5 6. c3 Nc6 7. Qc2 Bd7 8. dxc5 dxc5 9. O-O-O Qa5 10. Qb3 Qb6 11. Bc4 Qxb3 12. Nxb3 b6 13. Nf3 Rd8 14. Ne5 Nxe5 15. Bxe5 O-O 16. Nd2 Bc6 17. Rh2 Rd7 18. Bf4 Rfd8 19. Be2 Nh5 20. Bxh5 gxh5 21. g4 Bf3 22. Nxf3 Rxd1+ 23. Kc2 hxg4 24. hxg4 R1d7 25. Nh4 c4 26. Nf5 Rd2+ 27. Kc1 Rd1+ 28. Kc2 R8d2# 0-1

[Event "4NCL Online Division 3"]
[Site "online"]
[Date "2021.02.09"]
[EventDate "2021.02.09"]
[Round "2.71"]
[White "Jenkins, John"]
[WhiteElo "2061"]
[WhiteTeam "Stroud Oldies"]
[Black "Arora, Tashika"]
[BlackElo "1885"]
[BlackTeam "Oxford 3"]
[Result "1-0"]
[PlyCount "91"]

1. d4 Nf6 2. c4 g6 3. Nc3 d5 4. cxd5 Nxd5 5. e4 Nxc3 6. bxc3 Bg7 7. Bc4 O-O 8. Ne2 Nc6 9. O-O e5 10. Be3 Na5 11. Bd3 b6 12. Qe1 Bb7 13. Rd1 Qe7 14. Ng3 Rfd8 15. d5 c6 16. c4 Ba6 17. Qe2 Rac8 18. f4 cxd5 19. cxd5 Bxd3 20. Rxd3 Nc4 21. f5 Nd6 22. Qf2 Qb7 23. f6 Bf8 24. h4 Nc4 25. Kh2 Qa6 26. h5 Nd6 27. Rd2 Rc4 28. hxg6 hxg6 29. Nf5 Qa4 30. Ne7+ Bxe7 31. fxe7 Re8 32. Qf6 Rxe4 33. Qxd6 Rxe3 34. Qf6 Rxe7 35. Qxe7 f5 36. Rxf5 gxf5 37. Qg5+ Kf7 38. Qxe3 Qh4+ 39. Kg1 Qf6 40. d6 Ke8 41. d7+ Kd8 42. Qc3 Qe6 43. Qc8+ Ke7 44. d8=Q+ Kf7 45. Qg8+ Ke7 46. Qcxe6# 1-0

[Event "4NCL Online Division 3"]
[Site "online"]
[Date "2021.02.09"]
[EventDate "2021.02.09"]
[Round "2.72"]
[White "Finn, Chris"]
[WhiteElo "1889"]
[WhiteTeam "Oxford 3"]
[Black "Brown, Graham K"]
[BlackElo "1723"]
[BlackTeam "Stroud Oldies"]
[Result "1-0"]
[PlyCount "41"]

1. d4 d5 2. Nf3 Bf5 3. Bg5 Nf6 4. e3 Nbd7 5. Bd3 e6 6. Bxf5 exf5 7. O-O Be7 8. c4 dxc4 9. Qc2 O-O 10. Qxf5 g6 11. Qb5 Nb6 12. Nbd2 c6 13. Qa5 Qd5 14. Qc3 Na4 15. Qxc4 Qxc4 16. Nxc4 b5 17. Nce5 c5 18. Nc6 Bd8 19. Nxd8 Raxd8 20. Bxf6 Rd6 21. Be7 1-0

[Event "4NCL Online Division 3"]
[Site "online"]
[Date "2021.02.09"]
[EventDate "2021.02.09"]
[Round "2.73"]
[White "Walker, Adrian"]
[WhiteElo "1741"]
[WhiteTeam "Stroud Oldies"]
[Black "Staples, Neil"]
[BlackElo "1831"]
[BlackTeam "Oxford 3"]
[Result "0-1"]
[PlyCount "66"]

1. e4 d5 2. exd5 Qxd5 3. Nc3 Qd8 4. d4 Nf6 5. Be3 c6 6. Bc4 Bf5 7. h3 e6 8. Nf3 Nbd7 9. a3 Nb6 10. Bb3 Bd6 11. Qe2 O-O 12. O-O-O Nbd5 13. Nxd5 exd5 14. Ne5 c5 15. g4 Be6 16. f3 c4 17. Ba4 Qa5 18. g5 Nh5 19. Bd7 Bxd7 20. Nxd7 Ng3 21. Qg2 Nxh1 22. Nxf8 Ng3 23. Nd7 c3 24. Rd3 cxb2+ 25. Kb1 Nf5 26. Bd2 Qb5 27. Ne5 Nxd4 28. Nxf7 Nxc2 29. Nh6+ Kf8 30. Qe2 Re8 31. Be3 Nxe3 32. Qd2 Nc4 33. Qc3 Nxa3+ 0-1

[Event "4NCL Online Division 3"]
[Site "online"]
[Date "2021.02.09"]
[EventDate "2021.02.09"]
[Round "2.74"]
[White "Bush, Ian"]
[WhiteElo "1782"]
[WhiteTeam "Oxford 3"]
[Black "Haynes, Chris R"]
[BlackElo "1753"]
[BlackTeam "Stroud Oldies"]
[Result "1-0"]
[PlyCount "65"]

1. e4 e5 2. Nf3 d6 3. d4 Bg4 4. dxe5 Nd7 5. exd6 Bxd6 6. Be2 Qe7 7. Nd4 Bxe2 8. Qxe2 O-O-O 9. Nf5 Qf6 10. Nxd6+ Qxd6 11. Nc3 Ngf6 12. O-O h5 13. f3 Rhe8 14. Be3 c5 15. Rfd1 Qb8 16. Nb5 Re6 17. Qd2 Rg8 18. Nd6+ Kd8 19. Bf4 Ne5 20. Nxf7+ Ke7 21. Nxe5 Rxe5 22. Bxe5 Qxe5 23. c3 g5 24. Re1 Qe6 25. Rad1 g4 26. f4 h4 27. e5 Nh5 28. Qd6+ Kf7 29. Qxe6+ Kxe6 30. Rd6+ Ke7 31. f5 Nf4 32. f6+ Ke8 33. e6 1-0

[Event "4NCL Online Division 3"]
[Site "online"]
[Date "2021.02.09"]
[EventDate "2021.02.09"]
[Round "2.81"]
[White "Pal, Rohan"]
[WhiteElo "1891"]
[WhiteTeam "Warwickshire Bears A"]
[Black "Williams, David"]
[BlackElo "1896"]
[BlackTeam "Ashfield Anonymous B"]
[Result "1/2-1/2"]
[PlyCount "90"]

1. e4 g6 2. d4 c6 3. Nc3 d5 4. Nf3 Bg4 5. h3 Bxf3 6. Qxf3 e6 7. Be3 Bg7 8. O-O-O Ne7 9. Bd3 Nd7 10. h4 h5 11. g4 hxg4 12. Qxg4 Nf6 13. Qf3 dxe4 14. Nxe4 Ned5 15. Bg5 Bh6 16. Kb1 Bxg5 17. hxg5 Nh5 18. c4 Nb4 19. Nf6+ Ke7 20. Nxh5 Rxh5 21. Rxh5 gxh5 22. Be4 Qh8 23. d5 Rd8 24. Qa3 c5 25. Qxa7 Ke8 26. Qxc5 Qe5 27. Qxb4 Qxe4+ 28. Ka1 Qf3 29. Re1 Rd7 30. g6 Qf6 31. Qb6 Qxg6 32. dxe6 Re7 33. Rd1 fxe6 34. f4 Qg4 35. Qg1 Rg7 36. Qd4 h4 37. Qd8+ Kf7 38. Rd7+ Kg6 39. Qe8+ Kh7 40. a3 h3 41. Rxg7+ Kxg7 42. Qe7+ Kg6 43. Qe8+ Kg7 44. Qe7+ Kg6 45. Qe8+ Kg7 1/2-1/2

[Event "4NCL Online Division 3"]
[Site "online"]
[Date "2021.02.09"]
[EventDate "2021.02.09"]
[Round "2.82"]
[White "Combie, Alex B"]
[WhiteElo "1926"]
[WhiteTeam "Ashfield Anonymous B"]
[Black "Dicen, Elis Denele"]
[BlackElo "1726"]
[BlackTeam "Warwickshire Bears A"]
[Result "1-0"]
[PlyCount "163"]

1. d4 e6 2. c4 d5 3. Nf3 Nf6 4. g3 Be7 5. Bg2 O-O 6. O-O c6 7. Qc2 Ne4 8. Nbd2 f5 9. Ne5 Nd7 10. Ndf3 Bf6 11. Rb1 Nxe5 12. Nxe5 Bxe5 13. dxe5 Qe7 14. Be3 Re8 15. Rfc1 Bd7 16. h4 h6 17. Kh2 b6 18. b4 Rac8 19. f3 Nxg3 20. Kxg3 g5 21. hxg5 hxg5 22. Kf2 Qg7 23. Bd4 c5 24. bxc5 bxc5 25. Bb2 d4 26. Qd2 f4 27. Ba3 Rc7 28. Rb3 Qxe5 29. Rcb1 Rec8 30. Rb8 Kg7 31. Rxc8 Bxc8 32. Qd3 Kg8 33. Qg6+ Qg7 34. Qe8+ Qf8 35. Qxf8+ Kxf8 36. Rb5 Ba6 37. Rxc5 Rxc5 38. Bxc5+ Kf7 39. Bxd4 Bxc4 40. Bxa7 Bxa2 41. Ke1 Kf6 42. Kd2 Bd5 43. Bb6 g4 44. Bd8+ Kg6 45. Kd3 gxf3 46. Bxf3 Bb3 47. Ke4 Bc4 48. Kxf4 Kf7 49. Ke5 Ba2 50. Bh5+ Kg7 51. Bf6+ Kf8 52. Kd6 Bb3 53. Be5 Bc4 54. e3 Bb3 55. Bf6 Bc4 56. Kc5 Ba2 57. Be2 Kf7 58. Bd4 Bb1 59. Bc4 Bf5 60. Kd6 Bh3 61. e4 Bg4 62. Bf1 Bd1 63. Bh3 Bb3 64. Bg4 Bc4 65. Bh5+ Kf8 66. Bf6 Ba2 67. Bd4 Bb3 68. e5 Bd5 69. Be3 Bb3 70. Bh6+ Kg8 71. Ke7 Kh7 72. Bg5 Ba2 73. Bf7 Bb3 74. Bxe6 Ba4 75. Kf7 Bc2 76. Kf6 Ba4 77. Bf7 Bd7 78. e6 Bxe6 79. Bxe6 Kh8 80. Kf7 Kh7 81. Bf5+ Kh8 82. Bf6# 1-0

[Event "4NCL Online Division 3"]
[Site "online"]
[Date "2021.02.09"]
[EventDate "2021.02.09"]
[Round "2.83"]
[White "Chen, Daniel Xingyu"]
[WhiteElo "1763"]
[WhiteTeam "Warwickshire Bears A"]
[Black "Sudar, Dragoljub"]
[BlackElo "1920"]
[BlackTeam "Ashfield Anonymous B"]
[Result "0-1"]
[PlyCount "104"]

1. e4 e5 2. Nf3 Nc6 3. Bb5 a6 4. Ba4 Nf6 5. Qe2 b5 6. Bb3 Be7 7. O-O O-O 8. c3 Bb7 9. Rd1 d6 10. d4 Qc8 11. d5 Na5 12. Bc2 Nc4 13. b3 Nb6 14. Nbd2 c5 15. dxc6 Bxc6 16. Nf1 Qb7 17. Ng3 g6 18. Bg5 Qc7 19. h4 Bd7 20. Qd2 Nc8 21. Nxe5 dxe5 22. Bxf6 Bxf6 23. Qxd7 Qxc3 24. Bd3 Rd8 25. Rac1 Rxd7 26. Rxc3 Bxh4 27. Be2 Rxd1+ 28. Bxd1 Bxg3 29. fxg3 Nd6 30. Bf3 Rc8 31. Rd3 Rc6 32. Rd5 f6 33. g4 Kf7 34. g5 Ke6 35. gxf6 Kxf6 36. a4 bxa4 37. bxa4 Nc4 38. Be2 Nd6 39. Bd3 h5 40. Ra5 Rc3 41. Bxa6 Nxe4 42. Be2 Rc1+ 43. Kh2 Nc3 44. Ra6+ Kf5 45. Bc4 g5 46. a5 h4 47. Rc6 Kf4 48. a6 Ra1 49. Rc7 Ne4 50. Rf7+ Ke3 51. Rf1 Ra5 52. Bd5 Rxd5 0-1

[Event "4NCL Online Division 3"]
[Site "online"]
[Date "2021.02.09"]
[EventDate "2021.02.09"]
[Round "2.84"]
[White "Flynn, David"]
[WhiteElo "1914"]
[WhiteTeam "Ashfield Anonymous B"]
[Black "Lacoult, Maxime"]
[BlackElo "1600"]
[BlackTeam "Warwickshire Bears A"]
[Result "1-0"]
[PlyCount "143"]

1. e4 e6 2. d4 d5 3. Bd3 dxe4 4. Bxe4 Nf6 5. Bf3 Bd6 6. Ne2 O-O 7. O-O c5 8. Be3 Qb6 9. dxc5 Bxc5 10. Bxc5 Qxc5 11. Nbc3 Nc6 12. Ne4 Nxe4 13. Bxe4 Rd8 14. Qc1 Bd7 15. c3 Rac8 16. Ng3 b6 17. Qf4 Qe5 18. Qxe5 Nxe5 19. Rfd1 Bc6 20. Bxc6 Nxc6 21. Ne4 h6 22. Kf1 f5 23. Ng3 g6 24. Ke2 Kf7 25. Nf1 f4 26. Nd2 Rc7 27. Ne4 Rcd7 28. Rxd7+ Rxd7 29. b3 g5 30. a4 Kg6 31. Ra2 Kf5 32. Rd2 Ne5 33. Rxd7 Nxd7 34. Nd2 Nc5 35. f3 a5 36. Nc4 Nxb3 37. Nxb6 Nc5 38. Nc4 Nxa4 39. Kd2 Nc5 40. Nxa5 e5 41. Nc6 Ke6 42. Nd8+ Ke7 43. Nc6+ Kd6 44. Nd8 h5 45. Nf7+ Ke6 46. Nxg5+ Kf5 47. Nf7 Kf6 48. Nd8 Ke7 49. Nc6+ Kd6 50. Nb4 h4 51. Nd3 Ne6 52. Nf2 Kd5 53. Ne4 Kc4 54. Nd6+ Kd5 55. Nf5 Kc4 56. Nxh4 Nc5 57. Ng6 Nd7 58. h4 Kd5 59. Kd3 Nc5+ 60. Kd2 Nd7 61. h5 Nf6 62. h6 Nh7 63. Kd3 Ng5 64. c4+ Kd6 65. Nf8 Nf7 66. h7 Kc5 67. Ng6 Kd6 68. h8=Q Nxh8 69. Nxh8 Kc5 70. Ng6 Kd6 71. Ke4 Ke6 72. Nxe5 1-0

[Event "4NCL Online Division 3"]
[Site "online"]
[Date "2021.02.09"]
[EventDate "2021.02.09"]
[Round "2.91"]
[White "Hunt, Peter"]
[WhiteElo "2015"]
[WhiteTeam "MK Phoenix 2"]
[Black "Banerjee, Sanjoy K"]
[BlackElo "1701"]
[BlackTeam "Atticus B"]
[Result "1-0"]
[PlyCount "73"]

1. e4 c6 2. f4 d5 3. Nf3 dxe4 4. Ng5 Nf6 5. Bc4 e6 6. Nc3 Qd4 7. Qe2 Nd5 8. Bxd5 cxd5 9. d3 Bb4 10. Bd2 exd3 11. cxd3 O-O 12. Nf3 Qb6 13. Be3 Bxc3+ 14. bxc3 Qa6 15. O-O b6 16. g4 Nd7 17. g5 Nc5 18. Rad1 Bd7 19. c4 Ba4 20. Rd2 dxc4 21. dxc4 Rad8 22. Bd4 Qb7 23. Qe5 f6 24. Qe3 Qf7 25. gxf6 gxf6 26. Rg2+ Kh8 27. Ng5 Qe7 28. Bxc5 bxc5 29. Qxe6 Rde8 30. Qxe7 Rxe7 31. Nf3 Bc6 32. Rg3 Rg7 33. Kf2 Rb8 34. Rd1 Rb2+ 35. Rd2 Rgb7 36. Ke3 Bxf3 37. Rd8# 1-0

[Event "4NCL Online Division 3"]
[Site "online"]
[Date "2021.02.09"]
[EventDate "2021.02.09"]
[Round "2.92"]
[White "Burge, Steve J"]
[WhiteElo "1680"]
[WhiteTeam "Atticus B"]
[Black "Cox, Toby"]
[BlackElo "1995"]
[BlackTeam "MK Phoenix 2"]
[Result "0-1"]
[PlyCount "56"]

1. e4 e6 2. b3 d5 3. Bb2 dxe4 4. Nc3 f5 5. g4 Nf6 6. gxf5 exf5 7. Qe2 Nc6 8. O-O-O Nd4 9. Qe3 Ne6 10. d4 Bd6 11. Nge2 Ng4 12. Qd2 Nxf2 13. Bg2 Nxh1 14. Rxh1 Qg5 15. Qxg5 Nxg5 16. h4 Ne6 17. Rf1 O-O 18. Bh3 g6 19. Rg1 Nf4 20. Nxf4 Bxf4+ 21. Kd1 Be3 22. Rg3 Bxd4 23. Rg2 Be6 24. h5 Rad8 25. Kc1 Kf7 26. hxg6+ hxg6 27. Nb5 Be3+ 28. Kb1 Rd1+ 0-1